000 00757cab a2200205 4500
001 WB2805-06
008 090401t1992 xxu||||| |||| 00| 0 eng d
035 _a(Sirsi) u19614
041 _aeng
245 _aSingle page contract
260 _c1992
350 _a0
490 _aContract Journal
_v362(5858) 30 January 1992, 3(1)
520 _aMen at Work Managing director, John Bothamley, has drawn up a one page contract for a fixed price deal, based on the contractor shouldering all liability for design and construction, with no day-to-day input from an architects or a clients QS.
650 _aFIXED PRICE CONTRACT
650 _aONE PAGE CONTRACT
690 _aBUILT ENVIRONMENT-BUILDING CONTRACT FORMS
942 _n0
948 _c04/03/1997
999 _c13115
_d13115